000 nam a22 a 4500
999 _c164206
_d164206
003 BLK
005 20220720144527.0
008 180410b bul|||||r ||||||| ||bul||
010 _aKNG00171703000
040 _aBLK
041 _aBUL
_cBUL
080 _aИнженерна графика. Техническо чертане
_b62:744
_z62:744
100 1 _aВоротников, Иля Алексеевич
_eпърви автор
_949346
139 _aВоротников, Иля Алексеевич
_bВ 84
245 1 0 _aЗабавно чертане
_bНауч.-попул. четиво за юноши
_cИля Алексеевич Воротников; прев. от рус. Младен Цонев.
257 _aSUN
260 _aСофия
_bТехника
_c1972
_fШумен : Г. Димитров
300 _a136 с.
_bс ил.
_c24 см
380 _a62
500 _aОриг. загл. Занимательное черчение. - На кор. авт. погрешно означен А. И. Воротников. - 8 085 тир.
650 4 _aТехническо чертане
_9264837
653 _aтехническо чертане
653 _aнаучно-популярни книги
700 1 _aЦонев, Младен
_eпрев. от рус.
_9382041
852 _aЦб 65764
856 4 _qpdf
856 4 _qpdf
942 _cKNG
_n0
_s1
944 _aCR
_c20.02.2015
_kТеодора_Стоянова
944 _aED
_c2022-07-20
_kир
999 _d164206
999 _d164206